000 00643nam a22001815i 4500
001 171878
003 ES-MaACL
005 20230906214744.0
008 090605s1914 sp |||| | spa d
100 1 _aShirley, Robert.
_9140509
245 1 3 _aEl capitán silencio
_b: novela escrita en inglés /
_cpor Robert Shirley.
260 _aMadrid :
_b[s.n.],
_c1914 (
_fImp. de "Alrededor del Mundo")
300 _a183 p. :
_bil. ;
_c19 cm.
490 1 _aBiblioteca del "Alrededor del mundo"
830 0 _aBiblioteca del "Alrededor del mundo"
_9223225
852 _aES-MaACL
_jD-1370(2)
_z.- Encuadernado en vol. facticio
999 _c171878
_d171878